MARC

LEADER 00000nam0a2200000 4500
001 115387
005 20231101215245.0
035 |a (RuTPU)RU\TPU\book\124788 
090 |a 115387 
100 |a 20070507d1966 m y0rusy50 ca 
101 0 |a rus 
102 |a RU 
105 |a a j 001zy 
200 1 |a Технология связанного азота  |e учебное пособие для техникумов  |f Ф. А. Андреев [и др.] 
210 |a Москва  |c Химия  |d 1966 
215 |a 499 с.  |c ил. 
320 |a Библиогр.: с. 483-485. 
606 |a Азот  |x Соединения  |x Производство  |x Химический контроль  |2 stltpush  |3 (RuTPU)RU\TPU\subj\32167  |9 54804 
610 1 |a химическая технология 
610 1 |a азотные соединения 
610 1 |a азотно-водородная смесь 
610 1 |a окись углерода 
610 1 |a аммиак 
610 1 |a азотная кислота 
610 1 |a учебные пособия 
675 |a 661.5(075.32)  |v 3 
701 1 |a Андреев  |b Ф. А.  |g Федор Алексеевич 
701 1 |a Каргин  |b С. И.  |g Степан Иванович 
701 1 |a Козлов  |b Л. И.  |g Лоллий Иванович 
701 1 |a Приставко  |b В. Ф.  |g Владимир Федорович 
801 1 |a RU  |b 63413507  |c 20070507  |g PSBO 
801 2 |a RU  |b 63413507  |c 20171006  |g PSBO 
942 |c BK